000 00451nam a2200169Ia 4500
003 GCL
008 140319s9999 xx 000 0 eng d
040 _aGCL /
_cGCL
082 0 4 _a152.1
_bG H
100 1 _aGELDARD, FRANK A
245 1 0 _aTHE HUMAN SENSES /
_cGELDARD, FRANK A
260 _a[S.N] :
_bJOHN WILEY AND SONS. INC ،
_c1962
300 _a356 P
650 0 4 _aSENSES AND SENSATION
650 0 4 _aPHYSIOLOGICAL PSYCHOLOGY
942 _2ddc
_cBK
999 _c14971
_d14971